Statistiques concernant Culture Pop par lettre - J

Cliquez ici pour prendre le quiz!

Statistiques générales

  • Ce quiz a été pris 1 790 fois
    (176 depuis la dernière actualisation)
  • Le résultat moyen est 11 sur 14

Statistiques - réponses

CatégorieIndiceRéponse% Correct
LieuPays d'origine du mangaJapon
99%
FilmRedonner vie à des dinosaures pour les utiliser dans un parc d'attraction, une bonne idée ?Jurassic Park
99%
JeuSite sur lequel on peut retrouver la série de quiz "Culture Pop par lettre"JetPunk
96%
ComicsL'un, peut-être le pire, des ennemis de BatmanLe Joker
94%
Film d'animationComplétez le titre : "L'étrange Noël de Monsieur/Mister J...Jack
93%
Dessin AniméIl est le directeur du Woop, l'agence d'espion des Totally SpiesJerry
88%
CélébritéLégende du Basketball, ayant évolué principalement avec les Chicago BullsMicheal Jordan
84%
SérieInterprété par Kit Harington, il est l'un des personnages les plus appréciés de la série Game of Thrones (prénom + nom)Jon Snow
74%
Bande DessinéeMonture de Lucky LukeJolly Jumper
72%
MusiqueGroupe composé de trois frères : Kevin, Joe et NickJonas Brothers
71%
ComicsÉquipe de superhéros de l'univers DC Comics, qui compte parmi ses membres récurrents : Superman, Green Arrow, Flash, Aquaman, Wonder Woman, Batman ...Justice League of America
71%
Livre / FilmFils de Poséidon soupçonné d'être le voleur de foudre vivant à la Colonie des Sang MêlésPercy Jackson
70%
SérieSérie Disney Channel dans laquelle on suit la vie d'une nounou et des enfants qu'elle garde : Emma, Luke, Ravi et Zuri RossJessie
44%
SérieSérie / Télénovela où une jeune femme a été inséminée par erreur et se retrouve enceinte du beau et riche Rafael SolanoJane the Virgin
40%

Distribution des résultats

Percentile par nombre de réponses

% des personnes avec chaque résultat

Votre développement - résultats

Vous n’avez pas pris ce quiz depuis la dernière actualisation